Cambridge grammar of english: a comprehensive guide. Spoken and written english, grammar and usage

Guardat en:
Dades bibliogràfiques
Autor principal: Carter, Ronald (Autor)
Altres autors: McCarthy, Michael (autor)
Format: Llibre
Idioma:anglès
Publicat: Cambridge Cambridge University 2006
Edició:1a. ed
Matèries:
Etiquetes: Afegir etiqueta
Sense etiquetes, Sigues el primer a etiquetar aquest registre!

MARC

LEADER 00000nam a2200000 a 4500
001 UCJ9521
003 CL-VaPUC
008 070323e20060000uk |||||||||||||||||eng|d
020 |a 0521674395 
082 0 4 |a 425  |b CAR  |2 21 
100 0 |a Carter, Ronald  |e author  |9 519496 
700 |a McCarthy, Michael  |e autor  |9 599142 
245 1 0 |a Cambridge grammar of english: a comprehensive guide. Spoken and written english, grammar and usage 
250 |a 1a. ed 
300 |a 973 p 
942 |c BK 
945 |d 20070323 00:00:00  |a cmena 
260 |a Cambridge  |b Cambridge University  |c 2006 
500 |a Incluye Cd-Rom 
650 0 |a Gramática  |9 270497 
650 0 |a Lengua inglesa  |9 318842 
650 0 |a Investigación lingüística  |9 329785 
583 |a last modification  |c 20130806 05:42:12  |k Rodrigo Vera 
999 |c 324983  |d 324981 
952 |0 0  |1 0  |4 0  |6 425_000000000000000_CAR_2006  |7 0  |8 A  |9 405409  |a FDOPOS  |b FDOPOS  |d 2019-11-22  |i 4326210  |o 425 CAR 2006  |p 4326210  |r 2025-01-22  |w 2019-11-22  |y BK  |k MLA 
952 |0 0  |1 0  |4 0  |6 425_000000000000000_CAR_2006  |7 0  |8 A  |9 405410  |a FDOPOS  |b FDOPOS  |d 2019-11-22  |i 4326229  |o 425 CAR 2006  |p 4326229  |r 2025-01-22  |w 2019-11-22  |y BK  |k MLA 
952 |0 0  |1 0  |4 0  |6 425_000000000000000_CAR_2006  |7 0  |8 A  |9 405411  |a FDOPOS  |b FDOPOS  |d 2019-11-22  |i 4339053  |o 425 CAR 2006  |p 4339053  |r 2025-01-22  |w 2019-11-22  |y BK  |k MLA 
952 |0 0  |1 0  |4 0  |6 425_000000000000000_CAR_2006  |7 0  |8 A  |9 405412  |a FDOPOS  |b FDOPOS  |d 2019-11-22  |i 4340396  |o 425 CAR 2006  |p 4340396  |r 2025-01-22  |w 2019-11-22  |y BK  |k MLA 
952 |0 0  |1 0  |4 0  |6 425_000000000000000_CAR_2006  |7 0  |8 R  |9 405413  |a BIBEDU  |b BIBEDU  |d 2019-11-22  |i 4384296  |o 425 CAR 2006  |p 4384296  |r 2019-11-22  |w 2019-11-22  |y BK_R  |k LIT